1671 1336 1030 1736 1777 1567 1037 1294 1624 1464 1531 1230 1258 1911 1925 1193 1339 1081 1233 1878 1051 1055 1379 1857 1997 1450 1247 1154 1719 1682 1619 1238 1405 1326 1137 1648 1648 1277 1052 1030 1454 1576 1160 1207 1795 1522 1765 1371 1080 1809 1902 1406 1160 1576 1818 1261 1087 1973 1569 1127 1070 1778 1410 1006 1847 1709 1273 1298 1799 1646 1481 1887 1746 1816 1040 1678 1593 1947 1604 1493 1769 1200 1316 1475 1372 1730 1028 1422 1477 1088 1181 1629 1222 1776 1529 1278 1470 1339 1976 BCNSPRNW ULIB Ver.6.0+V

เปลี่ยนเป็นภาษาไทย

Change to English
 แสดงรายละเอียดบรรณานุกรม
  กลับหน้าหลัก

Brief Record : Get Marc (ISO 2709) : E-mail record : QR code < ปิดหน้าต่าง
LEADER : 00000nam 2200000uu 4500
001    13399123506
003     ULIB
008    141001s2554||||th 000 0 tha d
020    ^a9789741115754
060  4 ^aW105.5.C8^bม513ก
100 0  ^aมาลี อรุณากูร
245 10 ^aการสื่อสารกับเด็กที่มีความบกพร่องทางการได้ยินในงานทันตกรรมสำหรับเด็ก /^cมาลี อรุณากูร
250    ^aพิมพ์ครั้งที่ 1
260    ^aกรุงเทพฯ :^bภาควิชาทันตกรรมสำหรับเด็ก คณะทันตแพทยศาสตร์ มหาวิทยาลัยมหิดล,^c2554
300    ^a150 หน้า :^bภาพประกอบ +^eคอมแพกต์ดิสก์ 1 แผ่น
650  7 ^aทันตกรรมเด็ก
650  7 ^aเด็กที่มีความบกพร่องทางการได้ยิน
650  7 ^aเด็กหูหนวก
650  7 ^aการสื่อสารทางทันตแพทย์
650  7 ^aการสื่อสารทางการแพทย์
945    ^p600^l0^i20901
945    ^p600^l0^i20902
945    ^p600^l0^i20903
945    ^p600^l0^i20904
945    ^p600^l0^i20905
999    ^aทศพร เกษรทอง
รายการนี้ยังไม่มีแท็ก
คุณยังไม่ได้ล็อกอิน คุณสามารถมีกิจกรรมร่วมกับเว็บไซต์ได้ แต่ต้องล็อกอินก่อน ::
  ล็อกอิน

รายการสื่อสารสนเทศ

ลำดับที่ ประเภท เลขเรียก/บาร์โค้ด สถานที่ สถานะ
1. วิทยาศาสตร์การแพทย์ และสุขภาพ
วิทยาศาสตร์การแพทย์ และสุขภาพ
สถานะ=หนังสือเก่า
W105.5.C8 ม513ก ฉ.1 
  Barcode: 20901
ห้องสมุดวิทยาเขตนครสวรรค์
►ส่วนจัดเก็บหนังสือเก่า นว.
บนชั้น
  ขอยืม
2. วิทยาศาสตร์การแพทย์ และสุขภาพ
วิทยาศาสตร์การแพทย์ และสุขภาพ
สถานะ=หนังสือเก่า
W105.5.C8 ม513ก ฉ.2 
  Barcode: 20902
ห้องสมุดวิทยาเขตนครสวรรค์
►ส่วนจัดเก็บหนังสือเก่า นว.
บนชั้น
  ขอยืม
3. วิทยาศาสตร์การแพทย์ และสุขภาพ
วิทยาศาสตร์การแพทย์ และสุขภาพ
สถานะ=หนังสือเก่า
W105.5.C8 ม513ก ฉ.3 
  Barcode: 20903
ห้องสมุดวิทยาเขตนครสวรรค์
►ส่วนจัดเก็บหนังสือเก่า นว.
บนชั้น
  ขอยืม
4. วิทยาศาสตร์การแพทย์ และสุขภาพ
วิทยาศาสตร์การแพทย์ และสุขภาพ
สถานะ=หนังสือเก่า
W105.5.C8 ม513ก ฉ.4 
  Barcode: 20904
ห้องสมุดวิทยาเขตนครสวรรค์
►ส่วนจัดเก็บหนังสือเก่า นว.
บนชั้น
  ขอยืม
5. วิทยาศาสตร์การแพทย์ และสุขภาพ
วิทยาศาสตร์การแพทย์ และสุขภาพ
สถานะ=หนังสือเก่า
W105.5.C8 ม513ก ฉ.5 
  Barcode: 20905
ห้องสมุดวิทยาเขตนครสวรรค์
►ส่วนจัดเก็บหนังสือเก่า นว.
บนชั้น
  ขอยืม

รายการใกล้เคียง
    ผู้แต่ง [มาลี อรุณากูร]

    หัวเรื่อง [ทันตกรรมเด็ก]
    หัวเรื่อง [เด็กที่มีความบกพร่องทางการได้ยิน]
    หัวเรื่อง [เด็กหูหนวก]
    หัวเรื่อง [การสื่อสารทางทันตแพทย์]
    หัวเรื่อง [การสื่อสารทางการแพทย์]

BibComment


ยังไม่เคยถูกคอมเมนท์

คอมเมนท์ทรัพยากรรายการนี้
  คอมเมนท์: การสื่อสารกับเด็..


 Copyright 2026. Bcnsprnw @Library